[Event "Titled Tuesday intern op 20th July"]
[Site "Chess.com INT"]
[Date "2021.07.20"]
[Round "9"]
[White "Gabriel, Robert A"]
[Black "Florescu, Codrut Constantin"]
[Result "0-1"]
[WhiteElo "2236"]
[BlackElo "2293"]
[PlyCount "98"]
[EventDate "2021.07.20"]
[EventType "swiss (blitz)"]
[EventRounds "11"]
[EventCountry "USA"]
[SourceTitle "CBM 203 Extra"]
[Source "ChessBase"]
[SourceDate "2021.09.30"]
[SourceVersion "1"]
[SourceVersionDate "2021.09.30"]
[SourceQuality "1"]

1. d4 Nf6 2. c4 e6 3. Nf3 b6 4. g3 Ba6 5. Qa4 Bb7 6. Bg2 c5 7. 0-0 cxd4 8. Nxd4 Bxg2 9. Kxg2 Qc8 10. Nc3 Qb7+ 11. f3 Be7 12. Bf4 a6 13. Rfd1 0-0 14. Bxb8 Rfxb8 15. e4 Bc5 16. Nde2 b5 17. cxb5 axb5 18. Qc2 Rc8 19. a3 d6 20. Qd3 Rab8 21. Rac1 b4 22. axb4 Qxb4 23. Rc2 h6 24. Rcd2 Rb6 25. h3 Rcb8 26. f4 Qa5 27. e5 dxe5 28. fxe5 Nh7 29. Qc4 Rb4 30. Qa2 Qxa2 31. Nxa2 Rxb2 32. Rxb2 Rxb2 33. Rd8+ Nf8 34. Nac3 Bb4 35. Kf3 Rb3 36. Rd3 Ng6 37. Ke4 Bxc3 38. Nxc3 Ra3 39. Rd8+ Kh7 40. Nb5 Ra5 41. Rb8 Ra1 42. Nd6 Re1+ 43. Kd4 Nxe5 44. Rb5 Nf3+ 45. Kc3 Re3+ 46. Kb2 Kg6 47. Rb7 Ne5 48. Ne8 Rxg3 49. Rb5 Nc4+ 0-1